000 00460nam a2200181Ia 4500
008 240510s9999 xx 000 0 und d
041 _aEng
082 _a519.2 :658
082 _bL27
100 _aL'ESPERANCE, Wilford L.
245 0 _aModern Statistics : for business and economics
260 _bNew York : Macmillan
260 _c1971
300 _a503 p.
650 _aStatistics : business management : economics
942 _2ddc
942 _cLBK
999 _c23613
_d23613
945 _a1
_bMadushi Gamage
_c1
_dMadushi Gamage